[Event "Wloclawek CC Classic 14th"]
[Site "Wloclawek"]
[Date "2015.??.??"]
[Round "1"]
[White "Dyrka, Milosz"]
[Black "Cichocki, Konrad"]
[Result "0-1"]
[WhiteElo "1303"]
[BlackElo "1927"]
[PlyCount "86"]
[EventDate "2015.06.??"]
[EventType "swiss"]
[EventRounds "7"]
[EventCountry "POL"]
[SourceTitle "EXT 2021"]
[Source "ChessBase"]
[SourceDate "2020.10.23"]
[SourceVersion "1"]
[SourceVersionDate "2020.10.23"]
[SourceQuality "1"]

1. e4 e5 2. Nf3 Nc6 3. Bb5 a6 4. Ba4 Nf6 5. 0-0 Nxe4 6. Re1 Nc5 7. Bxc6 dxc6 8. Nxe5 Be7 9. d3 0-0 10. Nd2 Be6 11. Nf1 Bf6 12. b3 Qd4 13. Rb1 Bxe5 14. Bb2 Qxb2 15. Rxb2 Bxb2 16. b4 Nd7 17. d4 Bc3 18. Re4 Nf6 19. Rf4 Rad8 20. a3 a5 21. Ng3 axb4 22. Ne2 c5 23. Nxc3 bxc3 24. Qd3 Rxd4 25. Rxd4 cxd4 26. Qxd4 Nd5 27. f3 b6 28. Kf2 c5 29. Qe5 g6 30. Qd6 h5 31. Qc6 Rd8 32. a4 Kh7 33. a5 bxa5 34. Qxc5 Ra8 35. Qc6 Ra7 36. Qc5 Rb7 37. Qc4 Rb2 38. Qa4 Nb4 39. Qxa5 Rxc2+ 40. Kg3 Rb2 41. Qa3 Rb3 42. Qa1 c2 43. Qa8 c1Q 0-1